| 000 | 01414nam a22002657a 4500 | ||
|---|---|---|---|
| 003 | AM-YeHGA | ||
| 005 | 20250617155252.0 | ||
| 008 | 181128s1947 ru a||||r|||||001|0|rus|| | ||
| 040 | _aAM-YeHGA | ||
| 041 | 0 | _arus | |
| 100 | 1 |
_aСиницын, Иван Васильевич, _d1900-1972 |
|
| 245 | 1 | 0 |
_aАрхеологические раскопки на территории Нижнего Поволжья / _cИ. В. Синицын ; [Отв. ред. проф. В.С. Елпатьевский] ; Сарат. гос. ун-т им. Н. Г. Чернышевского. |
| 260 |
_aСаратов : _bИзд. СГУ, _c1947. |
||
| 300 |
_a134 с., 10 с. ил. : _bил. ; _c21 см. |
||
| 504 | _aБиблиогр. : с. 133-134 (34 назв.) | ||
| 650 | 1 | 4 |
_aАрхеология _xИстория |
| 650 | 1 | 4 |
_aАрхеологические исследования _xРаскопки _zНижнее Поволжье |
| 650 | 1 | 4 |
_aАрхеологические памятники _zНижнее Поволжье |
| 650 | 1 | 4 |
_aМогильники и курганы _zНижнее Поволжье |
| 650 | 1 | 4 |
_aСкифская культура _xПамятники |
| 700 | 1 |
_aЕлпатьевский, В.С. _eред. _4edt |
|
| 710 | 2 | _aСаратовский государственный университет им. Н. Г. Чернышевского | |
| 942 |
_2udc _cBK |
||
| 090 | _c432179 | ||
| 999 |
_c429632 _d429632 |
||